Perl [electronic resource] : the complete reference (Record no. 576658)

000 -LEADER
fixed length control field 00418nam a22001457a 4500
020 ## - INTERNATIONAL STANDARD BOOK NUMBER
International Standard Book Number 0072194251
082 ## - DEWEY DECIMAL CLASSIFICATION NUMBER
Classification number 280 SCB
100 ## - MAIN ENTRY--PERSONAL NAME
Personal name Brown, Martin C
9 (RLIN) 69317
245 ## - TITLE STATEMENT
Title Perl [electronic resource] : the complete reference
250 ## - EDITION STATEMENT
Edition statement 2nd ed.
260 ## - PUBLICATION, DISTRIBUTION, ETC.
Place of publication, distribution, etc. 2001
Name of publisher, distributor, etc. Osborne/McGraw-Hill
Date of publication, distribution, etc. New York
300 ## - PHYSICAL DESCRIPTION
Extent 1207 p. :
Other physical details ill. 24 cm, xxxix
650 ## - SUBJECT ADDED ENTRY--TOPICAL TERM
Topical term or geographic name entry element Perl (Computer program language)
9 (RLIN) 69318
942 ## - ADDED ENTRY ELEMENTS (KOHA)
Koha item type Book
Holdings
Withdrawn status Lost status Damaged status Not for loan Permanent Location Current Location Shelving location Date acquired Total Checkouts Full call number Barcode Date last seen Price effective from Koha item type
        College of Electrical & Mechanical Engineering (CEME) College of Electrical & Mechanical Engineering (CEME) General Stacks 12/20/2017   280 SCB CEME -SCB-19090 06/28/2021 06/28/2021 Book
© 2023 Central Library, National University of Sciences and Technology. All Rights Reserved.